000 00377nam a2200145Ia 4500
008 230917s9999||||xx |||||||||||||| ||und||
040 _e132723
_aMAIN
041 _aEnglish
082 _a658.3 R263S
100 _aRegis, Richard
245 0 _aStrategic human resource management and development
260 _aNew Delhi
_bExcel Books
_c2008
300 _a423 p.
942 _cBK
999 _c144931
_d144931